Countries with Slavic speakers - Statistics

General Stats
  • This quiz has been taken 865 times
    583 since last reset
  • The average score is 23 of 24
Answer Stats
Country % Correct
Russia
99%
Slovakia
99%
Serbia
98%
Slovenia
98%
Belarus
97%
Bosnia and Herzegovina
97%
Bulgaria
97%
Croatia
97%
Ukraine
97%
Czech Republic
96%
Poland
96%
Latvia
94%
Lithuania
94%
North Macedonia
94%
Armenia
92%
Estonia
92%
Kazakhstan
92%
Montenegro
92%
Moldova
91%
Azerbaijan
90%
Georgia
90%
Uzbekistan
89%
Tajikistan
88%
Kyrgyzstan
87%
No matching quizzes found
Score Distribution
Percent of People with Each Score
Percentile by Number Answered
Your Score History
You have not taken this quiz since the last reset